Výskum trhu

Guardado en:
Detalles Bibliográficos
Autor principal: Kulčáková, Marta
Formato: Libro
Lenguaje:eslovaco
Publicado: Bratislava EU 1994
Edición:1.vyd.
Materias:
Etiquetas: Agregar Etiqueta
Sin Etiquetas, Sea el primero en etiquetar este registro!

MARC

LEADER 00000nam a2200000 4500
001 c006039
005 20221214075528.2
020 |a 80-225-0576-5 
041 0 |a slo 
044 |a SK 
245 1 0 |a Výskum trhu  |c Marta Kulčáková a kol. 
250 |a 1.vyd. 
264 1 |a Bratislava  |b EU  |c 1994 
300 |a 208 s. 
610 2 0 |a výskum trhu 
610 2 0 |a marketing 
100 1 |a Kulčáková, Marta